Bio Chemistry (Record no. 64285)

MARC details
000 -LEADER
fixed length control field 00432nam a2200145Ia 4500
008 - FIXED-LENGTH DATA ELEMENTS--GENERAL INFORMATION
fixed length control field 211109s9999||||xx |||||||||||||| ||und||
082 ## - DEWEY DECIMAL CLASSIFICATION NUMBER
Classification number 541
Item number UNI-B
100 ## - MAIN ENTRY--PERSONAL NAME
Personal name University Grants Commission,
245 #0 - TITLE STATEMENT
Title Bio Chemistry
260 ## - PUBLICATION, DISTRIBUTION, ETC.
Name of publisher, distributor, etc. Un Known
Place of publication, distribution, etc. Misplace
Date of publication, distribution, etc. 1975
300 ## - PHYSICAL DESCRIPTION
Extent 70p.
630 ## - SUBJECT ADDED ENTRY--UNIFORM TITLE
General subdivision general stack
650 ## - SUBJECT ADDED ENTRY--TOPICAL TERM
Topical term or geographic name entry element Natural sciences & mathematics
942 ## - ADDED ENTRY ELEMENTS (KOHA)
Koha item type BOOK
650 ## - SUBJECT ADDED ENTRY--TOPICAL TERM
Form subdivision Chemistry & allied sciences
General subdivision Physical chemistryGeneralia
Holdings
Withdrawn status Lost status Damaged status Not for loan Home library Current library Date acquired Cost, normal purchase price Total Checkouts Full call number Barcode Shelving location Date last seen Price effective from Koha item type
        SB LIBRARY SB LIBRARY 09/11/2021 100.00   541 UNI-B 00048007 GENERAL STACK 09/11/2021 09/11/2021 BOOK

Powered by Koha